Družstevníctvo

Salvato in:
Dettagli Bibliografici
Autore principale: Brezník, Jozef
Ente Autore: Vysoká škola ekonomická v Bratislave. Obchodná fakulta
Altri autori: Mrázko, Imrich
Natura: Libro
Lingua:slovacco
Pubblicazione: Bratislava VŠE 1988
Edizione:1. vyd.
Tags: Aggiungi Tag
Nessun Tag, puoi essere il primo ad aggiungerne!!

MARC

LEADER 00000nam a2200000 4500
001 c034149
005 20221219091521.6
041 0 |a slo 
044 |a SK 
245 1 0 |a Družstevníctvo  |c Jozef Brezník, Imrich Mrázko 
250 |a 1. vyd. 
264 1 |a Bratislava  |b VŠE  |c 1988 
300 |a 136 s. 
100 1 |a Brezník, Jozef 
700 1 |a Mrázko, Imrich 
710 2 |a Vysoká škola ekonomická v Bratislave. Obchodná fakulta